Wiltshire Places - Sudden Death - Statistics

General Stats
  • This quiz has been taken 29 times
  • The average score is 7 of 12
Answers on the Grid
Answers color-coded by a green-red scale on the quiz's grid according to % correct below.
Aldershot
Amesbury
Ashford
Aylesbury
Bradford-on-Avon
Calne
Cannock
Chippenham
Coventry
Devizes
Evesham
Highworth
Huntingdon
Marlborough
Okehampton
Rotherham
Salisbury
Stamford
Stroud
Swindon
Taunton
Trowbridge
Warminster
Westbury
 
Answer Stats
Answer % Correct
Salisbury
80%
Swindon
80%
Chippenham
72%
Devizes
68%
Amesbury
64%
Trowbridge
64%
Westbury
64%
Warminster
56%
Bradford-on-Avon
48%
Calne
48%
Marlborough
48%
Highworth
40%
No matching quizzes found
Score Distribution
Percent of People with Each Score
Percentile by Number Answered
Your Score History
You have not taken this quiz